000 00832nam a2200229Ia 4500
003 GCL
008 140319s9999 xx 000 0 ara d
040 _aGCL /
_cGCL
082 0 4 _a909.08
_bع ا
100 1 _aعبادة كحيلة
245 1 0 _aالتقاء الحضارات فى عالم متغير - حوار ام صراع /
_cعبادة كحيلة
250 _aالاولى
260 _aالقاهرة :
_bمركز البحوث والدراسات الاجتماعية ،
_c2003
300 _a418 ص ؛
_c24 سم
650 0 4 _aالترجمة
650 0 4 _aالعراق - تاريخ
650 0 4 _aالعولمة
650 0 4 _aالحضارة القديمة - المقالات
650 0 4 _aالحضارة المصرية - المقالات
650 0 4 _aاحداث 11 سبتمبر - المقالات
942 _2ddc
_cBK
999 _c5626
_d5626